000 00453nam a2200157 4500
001 122706
003 ES-MaACL
005 20230906192028.0
007 t|
008 070214s1916 fr r ||||1| fre d
100 1 _aProbus-Corréard.
_9147698
245 1 3 _aLa plus grande France
_b: la tâche prochaine /
_cProbus [seud. de Jules Corréard].
260 _aParis :
_bArmand Colin,
_c1916.
300 _a241 p. ;
_c19 cm.
852 _aES-MaACL
_jF-6916
999 _c122706
_d122706